Managing diversity and inclusion in the real estate sector

Bibliographic Details
Main Authors: Clack, Amanda (Author), Gabler, Judith (Author)
Format: Book
Language:English
Published: New York : Routledge 2019
Edition:First edition
Subjects:

MARC

LEADER 00000cam a2200000 7i4500
001 0000029577
005 20241128.0
008 211227 nyua eng
020 |a 9781138368903 
040 |a INS   |b eng   |e rda 
090 0 0 |a HD1375   |b C63 2019 
100 1 |a Clack, Amanda ,   |e author 
245 1 0 |a Managing diversity and inclusion in the real estate sector   |c Amanda Clack, Judith Gabler 
250 |a First edition 
264 1 |a New York :   |b Routledge   |c 2019 
264 4 |c ©2019 
300 |a xi,165 pages :   |b illustrations ;   |c 24 cm. 
336 |a text  |2 rdacontent 
337 |a unmediated  |2 rdamedia 
338 |a volume  |2 rdacarrier 
504 |a Includes bibliographical references and index 
650 0 |a Diversity in the workplace 
650 0 |a Real estate business   |x Management 
700 1 |a Gabler, Judith ,   |e author 
999 |a 1000004350   |b BOOK   |c Open Shelf   |e Default branch